| 000 | 00670nam a2200241 a 4500 | ||
|---|---|---|---|
| 001 | BRCA_8160 | ||
| 005 | 20190320210146.0 | ||
| 008 | 020514s1961----it-a###f##---#000-0#ita-# | ||
| 041 | _aita | ||
| 044 | _ait | ||
| 050 | 4 |
_aN5300 _b.F57 _c1961 |
|
| 100 | 1 |
_aFirenze, Sansoni _920335 |
|
| 245 | 1 | 0 |
_aEstratto da Arte Antica e Moderna _cSansoni Firenze. |
| 260 |
_aItalia _c1961 |
||
| 300 |
_a1 v. (paginación variada) _bil., 30 láminas _c27 cm. |
||
| 500 | _aX59 | ||
| 504 | _aBibliografía p.446-447 | ||
| 650 | 1 | 4 |
_aArte antiguo _vHistoria _920336 |
| 650 | 1 | 4 |
_aArte moderno _vHistoria _920337 |
| 650 | 1 | 4 |
_aArte _vExtractos _920338 |
| 902 | _aGFM | ||
| 942 |
_2lcc _cB |
||
| 999 |
_c7828 _d7828 |
||